El hombre pánico (Record no. 184121)
[ view plain ]
| 000 -LEADER | |
|---|---|
| campo de control de longitud fija | 00915nam a2200277 i 4500 |
| 001 - NÚMERO DE CONTROL | |
| campo de control | 184121 |
| 003 - IDENTIFICADOR DE NÚMERO DE CONTROL | |
| campo de control | ES-MaACL |
| 005 - FECHA Y HORA DE LA ÚLTIMA TRANSACCIÓN | |
| campo de control | 20231216062916.0 |
| 008 - DATOS DE LONGITUD FIJA--INFORMACIÓN GENERAL | |
| campo de control de longitud fija | 150320s1965 sp |||| |dspa d |
| 080 ## - NÚMERO DE LA CLASIFICACIÓN DECIMAL UNIVERSAL | |
| Número de la Clasificación Decimal Universal | 821.134.2-2"19" |
| 080 ## - NÚMERO DE LA CLASIFICACIÓN DECIMAL UNIVERSAL | |
| Número de la Clasificación Decimal Universal | 821.134.2 Arrabal, Fernando 1.07 |
| 100 1# - ENTRADA PRINCIPAL--NOMBRE DE PERSONA | |
| Nombre de persona | Arrabal, Fernando, |
| Fechas asociadas al nombre | 1932- |
| 9 (RLIN) | 23204 |
| 245 13 - MENCIÓN DEL TÍTULO | |
| Título | El hombre pánico |
| Resto del título | ; El cementerio de automóviles ; Ciugrena ; Los dos verdugos / |
| Mención de responsabilidad, etc. | Fernando Arrabal. |
| 260 ## - PUBLICACIÓN, DISTRIBUCIÓN, ETC. | |
| Lugar de publicación, distribución, etc. | Madrid : |
| Nombre del editor, distribuidor, etc. | Taurus, |
| Fecha de publicación, distribución, etc. | [1965] |
| 300 ## - DESCRIPCIÓN FÍSICA | |
| Extensión | 117 p. ; |
| Dimensiones | 18 cm. |
| 490 1# - MENCIÓN DE SERIE | |
| Mención de serie | Primer Acto ; |
| Designación de volumen o secuencia | 5 |
| 504 ## - NOTA DE BIBLIOGRAFÍA, ETC. | |
| Nota de bibliografía, etc. | Bibliografía: p. [47] |
| 598 ## - NOTA LOCAL | |
| Nota local | Colección de teatro dir. por José Monleón. |
| 600 14 - PUNTO DE ACCESO ADICIONAL DE MATERIA--NOMBRE DE PERSONA | |
| Nombre de persona | Arrabal, Fernando, |
| Fechas asociadas al nombre | 1932- |
| 9 (RLIN) | 23204 |
| 740 3# - ENTRADA AGREGADA--TÍTULO RELACIONADO/ANALÍTICO NO CONTROLADO | |
| Título relacionado o analítico no controlado | El cementerio de automóviles. |
| 740 0# - ENTRADA AGREGADA--TÍTULO RELACIONADO/ANALÍTICO NO CONTROLADO | |
| Título relacionado o analítico no controlado | Ciugrena. |
| 740 4# - ENTRADA AGREGADA--TÍTULO RELACIONADO/ANALÍTICO NO CONTROLADO | |
| Título relacionado o analítico no controlado | Los dos verdugos. |
| 830 0# - PUNTO DE ACCESO ADICIONAL DE SERIE-TÍTULO UNIFORME | |
| Título uniforme | Primer Acto ; |
| Designación de volumen o secuencia | 5 |
| 9 (RLIN) | 182624 |
| 852 ## - LOCALIZACIÓN | |
| Ubicación | ES-MaACL |
| Número de control de estantería | E-15509 |
| Estatus retirado | Estado de pérdida | Estado de daño | No para préstamo | Biblioteca de origen | Biblioteca actual | Ubicación en estantería | Fecha de adquisición | Fuente de adquisición | Total de préstamos | Signatura topográfica completa | Código de barras | Visto por última vez | Precio de reemplazo | Tipo de ítem Koha |
|---|---|---|---|---|---|---|---|---|---|---|---|---|---|---|
| Biblioteca del Ateneo de Madrid | Biblioteca del Ateneo de Madrid | Depósito 2 | 20/03/2015 | E-15509 | 1193634 | 23/02/2023 | 23/02/2023 | Libro impreso |
